Σκέψη και Γλώσσα / Δεύτερη Έκδοση (Record no. 308)
[ view plain ]
| 000 -LEADER | |
|---|---|
| fixed length control field | 01552cam a22002054a 4500 |
| 005 - ΗΜΕΡΟΜΗΝΙΑ ΚΑΙ ΩΡΑ ΤΕΛΕΥΤΑΙΑΣ ΕΝΗΜΕΡΩΣΗΣ | |
| Πεδίο ελέγχου | 20250605163931.0 |
| 008 - FIXED-LENGTH DATA ELEMENTS--GENERAL INFORMATION | |
| Πεδίο ελέγχου σταθερού μήκους | 250528s ||||||||||||||||||||||||d |
| 035 ## - SYSTEM CONTROL NUMBER | |
| System control number | 14686 |
| 020 ## - ISBN | |
| ISBN | 9602352280 |
| 040 ## - ΠΗΓΗ ΚΑΤΑΛΟΓΟΓΡΑΦΗΣΗΣ | |
| Φορέας πρωτότυπης καταλογογράφησης | MC Athens Campus Library |
| Γλώσσα καταλογογράφησης | Ελληνικά, Μοντέρνα (1453-) |
| Modifying agency | MC Athens Campus Library |
| Κανόνες περιγραφικής καταλογογράφησης | AACR2 |
| 245 1# - ΤΙΤΛΟΣ ΚΑΙ ΔΗΛΩΣΗ ΥΠΕΥΘΥΝΟΤΗΤΑΣ | |
| Τίτλος | Σκέψη και Γλώσσα / Δεύτερη Έκδοση |
| 250 ## - EDITION STATEMENT | |
| Edition statement | 2η |
| 260 ## - PUBLICATION, DISTRIBUTION, ETC. | |
| Name of publisher, distributor, etc. | Γνώση, |
| Date of publication, distribution, etc. | 1993 |
| 300 ## - PHYSICAL DESCRIPTION | |
| Extent | 440 |
| 520 ## - SUMMARY, ETC. | |
| Summary, etc. | Ο συγγραφέας στο έργο του αυτό συνόψισε τα πορίσματα των πειραματικών ερευνών και των θεωρητικών του στοχασμών πάνω στο θεμελιώδες πρόβλημα των σχέσεων σκέψης και γλώσσας. Πρόλογος, Προβλήματα και Μέθοδοι της Έρευνας, Το Πρόβλημα της Γλώσσας και της Νόησης στο Παιδί κατά τη Θεωρία του Jean Piaget, Το Πρόβλημα της Εξέλιξης της Γλώσσας κατά την Αντίληψη του William Stern, Η Εξελικτική - Ιστορική Προέλευση Νόησης και Γλώσσας, Πειραματική Διερεύνηση της Εξέλιξης των Εννοιών, Έρευνα της Ανάπτυξης Επιστημονικών Εννοιών στην Παιδική Ηλικία, Σκέψη και Λέξη, Βιβλιογραφικές Αναφορές. |
| 700 1# - ΠΡΟΣΘΕΤΗ ΑΝΑΓΡΑΦΗ--ΦΥΣΙΚΟ ΠΡΟΣΩΠΟ | |
| Personal name | Βυγκότσκι Λεβ |
| 9 (RLIN) | 432 |
| 942 ## - ADDED ENTRY ELEMENTS (KOHA) | |
| Koha item type | Books |
| Τύπος τεκμηρίου | Βιβλιοθήκη | Τρέχουσα τοποθεσία | Barcode | Αριθμός εισαγωγής | Ημερομηνία απόκτησης | Ταξιθετικό σύμβολο | Αριθμός αντιτύπου | Κατάσταση απόσυρσης | Κατάσταση χαμένου | Κατάσταση κατεστραμμένου | Μη δανεισμός | Σύνολο δανεισμών | Ημερομηνία τελευταίας εμφάνισης | Η τιμή ισχύει από |
|---|---|---|---|---|---|---|---|---|---|---|---|---|---|---|
| Books | MC Athens Campus Library | MC Athens Campus Library | 9780000003072 | 3700 | 05/06/2025 | 401.9 VYG | 1 | 05/06/2025 | 05/06/2025 |